[Event "U14 Polish Youth Championship"]
[Site "chess24.com"]
[Date "2018.04.30"]
[Round "2"]
[White "Oleksy, Krzysztof"]
[Black "Czarniecki, Pawel"]
[Result "1-0"]
[Board "21"]
[WhiteElo "1746"]
[WhiteCountry "POL"]
[WhiteFideId "1194879"]
[WhiteEloChange "3"]
[BlackElo "1412"]
[BlackCountry "POL"]
[BlackFideId "21810109"]
[BlackEloChange "-3"]

1. d4 {[%clk 1:30:57]} d5 {[%clk 1:30:56]} 2. c4 {[%clk 1:31:23]} e6 {[%clk
1:31:23]} 3. Nc3 {[%clk 1:31:49]} Nf6 {[%clk 1:31:49]} 4. cxd5 {[%clk 1:32:14]}
exd5 {[%clk 1:32:13]} 5. Bg5 {[%clk 1:32:39]} Nbd7 {[%clk 1:30:47]} 6. Qc2 {[%clk
1:32:57]} Be7 {[%clk 1:30:39]} 7. e3 {[%clk 1:33:14]} O-O {[%clk 1:30:58]} 8. Bd3
{[%clk 1:33:23]} Re8 {[%clk 1:31:05]} 9. Nge2 {[%clk 1:33:28]} Nf8 {[%clk
1:29:19]} 10. O-O {[%clk 1:33:15]} g6 {[%clk 1:19:13]} 11. f3 {[%clk 1:27:25]}
Ne6 {[%clk 1:18:06]} 12. Bh4 {[%clk 1:24:49]} c6 {[%clk 1:15:21]} 13. Kh1 {[%clk
1:24:03]} Kg7 {[%clk 1:14:25]} 14. Rad1 {[%clk 1:21:58]} Ng8 {[%clk 1:05:55]} 15.
Bf2 {[%clk 1:08:06]} Nf6 {[%clk 1:01:02]} 16. Bg1 {[%clk 1:07:41]} Nc7 {[%clk
0:51:57]} 17. e4 {[%clk 1:07:06]} Be6 {[%clk 0:51:01]} 18. a3 {[%clk 1:04:06]}
Rc8 {[%clk 0:48:31]} 19. b4 {[%clk 0:57:35]} a6 {[%clk 0:43:08]} 20. Na4 {[%clk
0:50:45]} Nd7 {[%clk 0:41:13]} 21. Nc5 {[%clk 0:48:36]} Nxc5 {[%clk 0:41:15]} 22.
bxc5 {[%clk 0:45:31]} f6 {[%clk 0:32:18]} 23. a4 {[%clk 0:44:11]} Bf7 {[%clk
0:32:11]} 24. Rb1 {[%clk 0:43:57]} Rb8 {[%clk 0:32:18]} 25. Rb2 {[%clk 0:43:25]}
Be6 {[%clk 0:27:53]} 26. Rfb1 {[%clk 0:43:30]} Bc8 {[%clk 0:28:16]} 27. Bf2
{[%clk 0:42:57]} Rh8 {[%clk 0:26:56]} 28. Bg3 {[%clk 0:41:07]} Ra8 {[%clk
0:27:17]} 29. Qb3 {[%clk 0:32:55]} h5 {[%clk 0:23:43]} 30. Bxc7 {[%clk 0:25:20]}
Qxc7 {[%clk 0:23:37]} 31. exd5 {[%clk 0:25:11]} cxd5 {[%clk 0:22:25]} 32. Qxd5
{[%clk 0:25:35]} g5 {[%clk 0:22:37]} 33. Rxb7 {[%clk 0:19:04]} Bxb7 {[%clk
0:21:10]} 34. Rxb7 {[%clk 0:19:22]} Qd8 {[%clk 0:18:54]} 35. Qxd8 {[%clk
0:19:08]} Rhxd8 {[%clk 0:19:16]} 36. Rxe7+ {[%clk 0:19:35]} Kf8 {[%clk 0:19:12]}
37. Rb7 {[%clk 0:19:41]} Re8 {[%clk 0:17:27]} 38. c6 {[%clk 0:18:23]} Rac8 {[%clk
0:17:49]} 39. d5 {[%clk 0:15:21]} Rcd8 {[%clk 0:15:39]} 40. Bc4 {[%clk 0:15:07]}
Re7 {[%clk 0:11:38]} 41. g3 {[%clk 0:14:14]} a5 {[%clk 0:09:08]} 42. Nd4 {[%clk
0:13:55]} Re1+ {[%clk 0:08:25]} 43. Kg2 {[%clk 0:14:17]} Rc8 {[%clk 0:07:21]} 44.
d6 {[%clk 0:13:55]} Rc1 {[%clk 0:05:48]} 45. d7 {[%clk 0:13:57]} Rd8 {[%clk
0:05:47]} 46. c7 {[%clk 0:13:40]} Rxc4 {[%clk 0:05:41]} 47. cxd8Q+ {[%clk
0:13:59]} Kg7 {[%clk 0:05:48]} 48. Qg8+ {[%clk 0:13:53]} Kh6 {[%clk 0:05:50]} 49.
Nf5# {[%clk 0:14:15]} 1-0

[Event "U14 Polish Youth Championship"]
[Site "chess24.com"]
[Date "2018.04.30"]
[Round "2"]
[White "Bukala, Norbert"]
[Black "Kalkowski, Igor"]
[Result "0-1"]
[Board "22"]
[WhiteElo "1453"]
[WhiteCountry "POL"]
[WhiteFideId "21819971"]
[WhiteEloChange "-4"]
[BlackElo "1720"]
[BlackCountry "POL"]
[BlackFideId "21833966"]
[BlackEloChange "4"]

1. d4 {[%clk 1:30:58]} Nf6 {[%clk 1:30:50]} 2. c4 {[%clk 1:31:24]} e6 {[%clk
1:31:02]} 3. Nc3 {[%clk 1:31:38]} Bb4 {[%clk 1:30:59]} 4. Qc2 {[%clk 1:30:39]} b6
{[%clk 1:30:38]} 5. e4 {[%clk 1:18:56]} Bxc3+ {[%clk 1:23:07]} 6. bxc3 {[%clk
1:18:43]} Nc6 {[%clk 1:05:09]} 7. Bd3 {[%clk 1:15:56]} e5 {[%clk 0:59:12]} 8. d5
{[%clk 1:07:21]} Na5 {[%clk 0:58:27]} 9. f4 {[%clk 1:00:37]} exf4 {[%clk
0:46:33]} 10. Bxf4 {[%clk 0:54:17]} Nh5 {[%clk 0:44:57]} 11. Be3 {[%clk 0:32:21]}
Ba6 {[%clk 0:18:45]} 12. Qe2 {[%clk 0:28:05]} Qf6 {[%clk 0:15:37]} 13. Bd2 {[%clk
0:12:23]} Nf4 {[%clk 0:15:19]} 14. Bxf4 {[%clk 0:04:53]} Qxc3+ {[%clk 0:14:58]}
15. Kf2 {[%clk 0:05:01]} Qxa1 {[%clk 0:14:47]} 16. e5 {[%clk 0:02:36]} Bxc4
{[%clk 0:11:21]} 17. Nf3 {[%clk 0:00:39]} Qxa2 {[%clk 0:09:19]} 18. e6 {[%clk
0:00:34]} Qxe2+ {[%clk 0:09:07]} 19. Kxe2 {[%clk 0:00:49]} Bxd3+ {[%clk 0:08:00]}
20. Kxd3 {[%clk 0:01:11]} dxe6 {[%clk 0:08:03]} 21. dxe6 {[%clk 0:01:19]} O-O-O+
{[%clk 0:08:10]} 22. Ke2 {[%clk 0:01:09]} Rhe8 {[%clk 0:07:04]} 23. Rc1 {[%clk
0:01:01]} Rxe6+ {[%clk 0:07:23]} 24. Kf2 {[%clk 0:01:25]} c5 {[%clk 0:07:39]} 25.
Ng5 {[%clk 0:01:19]} Rf6 {[%clk 0:07:16]} 26. g3 {[%clk 0:01:16]} h6 {[%clk
0:07:27]} 27. Nf3 {[%clk 0:01:09]} g5 {[%clk 0:07:52]} 28. Be5 {[%clk 0:01:25]}
Re6 {[%clk 0:07:54]} 29. Bc3 {[%clk 0:01:47]} Nc6 {[%clk 0:07:56]} 30. Ng1 {[%clk
0:01:30]} Kb7 {[%clk 0:08:08]} 31. Ne2 {[%clk 0:01:37]} Nd4 {[%clk 0:08:03]} 32.
Nxd4 {[%clk 0:01:41]} cxd4 {[%clk 0:08:29]} 33. Rd1 {[%clk 0:01:54]} dxc3 {[%clk
0:08:37]} 0-1

[Event "U14 Polish Youth Championship"]
[Site "chess24.com"]
[Date "2018.04.30"]
[Round "2"]
[White "Skawinski, Szymon"]
[Black "Kietrys, Maciej"]
[Result "1-0"]
[Board "23"]
[WhiteElo "1399"]
[WhiteCountry "POL"]
[WhiteFideId "21802149"]
[WhiteEloChange "17"]
[BlackElo "1699"]
[BlackCountry "POL"]
[BlackFideId "21820732"]
[BlackEloChange "-17"]

1. e4 {[%clk 1:30:58]} g6 {[%clk 1:29:40]} 2. d4 {[%clk 1:30:59]} Bg7 {[%clk
1:30:01]} 3. Nf3 {[%clk 1:30:44]} d6 {[%clk 1:29:40]} 4. h3 {[%clk 1:29:39]} Nd7
{[%clk 1:28:33]} 5. Nc3 {[%clk 1:27:42]} a6 {[%clk 1:28:00]} 6. a4 {[%clk
1:27:25]} b6 {[%clk 1:26:21]} 7. Bc4 {[%clk 1:26:57]} e6 {[%clk 1:26:22]} 8. Be3
{[%clk 1:23:59]} Ne7 {[%clk 1:24:02]} 9. O-O {[%clk 1:23:03]} Bb7 {[%clk
1:23:46]} 10. Bd3 {[%clk 1:18:10]} h6 {[%clk 1:21:35]} 11. Ne2 {[%clk 1:15:37]}
O-O {[%clk 1:15:18]} 12. Ng3 {[%clk 1:14:26]} f5 {[%clk 1:12:37]} 13. Qc1 {[%clk
1:08:27]} Kh7 {[%clk 1:12:13]} 14. c3 {[%clk 1:04:50]} Nf6 {[%clk 1:08:17]} 15.
exf5 {[%clk 0:54:45]} exf5 {[%clk 1:03:40]} 16. Ne1 {[%clk 0:49:42]} c5 {[%clk
0:42:52]} 17. Nc2 {[%clk 0:46:33]} Rc8 {[%clk 0:41:11]} 18. f3 {[%clk 0:44:36]}
Nfd5 {[%clk 0:39:14]} 19. f4 {[%clk 0:42:35]} Nxe3 {[%clk 0:33:53]} 20. Qxe3
{[%clk 0:42:57]} Nc6 {[%clk 0:26:29]} 21. dxc5 {[%clk 0:37:35]} dxc5 {[%clk
0:26:30]} 22. Rad1 {[%clk 0:37:43]} Qc7 {[%clk 0:25:46]} 23. Qf2 {[%clk 0:36:05]}
Ne7 {[%clk 0:23:54]} 24. Ne3 {[%clk 0:35:31]} Qc6 {[%clk 0:23:20]} 25. Nc4 {[%clk
0:32:55]} b5 {[%clk 0:21:03]} 26. axb5 {[%clk 0:30:10]} axb5 {[%clk 0:21:12]} 27.
Na5 {[%clk 0:29:50]} Qb6 {[%clk 0:20:58]} 28. Nxb7 {[%clk 0:29:46]} Qxb7 {[%clk
0:21:18]} 29. Rfe1 {[%clk 0:28:25]} b4 {[%clk 0:19:18]} 30. Ne2 {[%clk 0:26:01]}
bxc3 {[%clk 0:18:49]} 31. bxc3 {[%clk 0:25:27]} c4 {[%clk 0:16:57]} 32. Bc2
{[%clk 0:23:01]} Nd5 {[%clk 0:11:38]} 33. Qf3 {[%clk 0:22:05]} Qa7+ {[%clk
0:09:46]} 34. Kh2 {[%clk 0:19:54]} Ne3 {[%clk 0:09:17]} 35. Ra1 {[%clk 0:19:41]}
Qc5 {[%clk 0:08:44]} 36. Ba4 {[%clk 0:18:56]} Nd5 {[%clk 0:07:58]} 37. Red1
{[%clk 0:16:51]} Nb6 {[%clk 0:07:23]} 38. Bc2 {[%clk 0:15:45]} Rfe8 {[%clk
0:07:15]} 39. Nd4 {[%clk 0:14:53]} Re7 {[%clk 0:03:54]} 40. Ra6 {[%clk 0:13:35]}
Nd7 {[%clk 0:02:51]} 41. Ne6 {[%clk 0:12:55]} Qb5 {[%clk 0:01:42]} 42. Rad6
{[%clk 0:12:52]} Nf6 {[%clk 0:01:34]} 43. Rb1 {[%clk 0:11:49]} Qa5 {[%clk
0:01:24]} 44. Nxg7 {[%clk 0:12:10]} Kxg7 {[%clk 0:01:49]} 45. Rbb6 {[%clk
0:12:22]} Rf7 {[%clk 0:02:01]} 46. Ra6 {[%clk 0:11:38]} Qb5 {[%clk 0:01:20]} 47.
Ba4 {[%clk 0:10:08]} Qc5 {[%clk 0:00:58]} 48. Qe2 {[%clk 0:09:26]} Rcc7 {[%clk
0:00:39]} 49. Qe6 {[%clk 0:08:34]} Qf2 {[%clk 0:00:41]} 50. Qe5 {[%clk 0:08:51]}
Rce7 {[%clk 0:00:44]} 51. Re6 {[%clk 0:08:39]} Rxe6 {[%clk 0:00:48]} 52. Rxe6
{[%clk 0:08:42]} Qa7 {[%clk 0:00:45]} 53. Be8 {[%clk 0:09:07]} Kf8 {[%clk
0:00:34]} 54. Bxf7 {[%clk 0:09:29]} Kxf7 {[%clk 0:00:54]} 55. Qxf6+ {[%clk
0:09:52]} Kg8 {[%clk 0:01:16]} 56. Qxg6+ {[%clk 0:10:15]} 1-0

[Event "U14 Polish Youth Championship"]
[Site "chess24.com"]
[Date "2018.04.30"]
[Round "2"]
[White "Sieczkowski, Adam"]
[Black "Michalski, Adrian"]
[Result "1-0"]
[Board "24"]
[WhiteElo "1695"]
[WhiteCountry "POL"]
[WhiteFideId "21835250"]
[WhiteEloChange "2"]
[BlackElo "1355"]
[BlackCountry "POL"]
[BlackFideId "21836140"]
[BlackEloChange "-2"]

1. Nf3 {[%clk 1:30:30]} f5 {[%clk 1:30:56]} 2. g3 {[%clk 1:30:32]} Nf6 {[%clk
1:31:15]} 3. Bg2 {[%clk 1:30:52]} g6 {[%clk 1:31:41]} 4. O-O {[%clk 1:31:18]} Bg7
{[%clk 1:32:09]} 5. c4 {[%clk 1:31:23]} O-O {[%clk 1:32:32]} 6. Nc3 {[%clk
1:31:10]} d6 {[%clk 1:32:37]} 7. d4 {[%clk 1:31:30]} Na6 {[%clk 1:31:27]} 8. Rb1
{[%clk 1:29:16]} c5 {[%clk 1:31:46]} 9. d5 {[%clk 1:26:55]} Nc7 {[%clk 1:28:50]}
10. a3 {[%clk 1:14:44]} e6 {[%clk 1:22:27]} 11. Re1 {[%clk 1:11:24]} exd5 {[%clk
1:21:35]} 12. Nxd5 {[%clk 1:10:05]} Ncxd5 {[%clk 1:20:24]} 13. cxd5 {[%clk
1:10:29]} h6 {[%clk 1:18:09]} 14. b4 {[%clk 1:09:46]} Ne4 {[%clk 1:17:28]} 15.
Bb2 {[%clk 1:08:00]} Bc3 {[%clk 1:17:41]} 16. Qb3 {[%clk 1:05:41]} Bxe1 {[%clk
1:17:18]} 17. Rxe1 {[%clk 1:06:06]} cxb4 {[%clk 1:17:41]} 18. axb4 {[%clk
1:06:22]} Bd7 {[%clk 1:13:25]} 19. Nh4 {[%clk 1:05:56]} Kh7 {[%clk 1:13:01]} 20.
e3 {[%clk 1:04:16]} Rf7 {[%clk 1:07:42]} 21. Bf1 {[%clk 0:58:30]} Qe8 {[%clk
1:06:10]} 22. Qd3 {[%clk 0:54:44]} a6 {[%clk 1:03:24]} 23. f3 {[%clk 0:49:10]}
Nf6 {[%clk 1:02:48]} 24. Bh3 {[%clk 0:48:21]} Bb5 {[%clk 1:01:26]} 25. Qb1 {[%clk
0:48:01]} Bd7 {[%clk 0:55:37]} 26. g4 {[%clk 0:38:54]} g5 {[%clk 0:27:07]} 27.
Nxf5 {[%clk 0:38:02]} Bxf5 {[%clk 0:27:21]} 28. Qxf5+ {[%clk 0:38:25]} Kg7 {[%clk
0:27:38]} 29. Bf1 {[%clk 0:28:52]} Qd7 {[%clk 0:27:39]} 30. Bxf6+ {[%clk
0:29:12]} Kf8 {[%clk 0:27:41]} 31. Qg6 {[%clk 0:24:33]} Rc8 {[%clk 0:20:36]} 32.
Qxh6+ {[%clk 0:24:50]} Ke8 {[%clk 0:21:00]} 33. Bd3 {[%clk 0:24:20]} Rxf6 {[%clk
0:21:15]} 34. Qxf6 {[%clk 0:24:43]} Qe7 {[%clk 0:21:37]} 35. Qh8+ {[%clk
0:24:57]} Qf8 {[%clk 0:21:48]} 36. Qh5+ {[%clk 0:24:17]} Ke7 {[%clk 0:22:09]} 37.
Qxg5+ {[%clk 0:24:44]} Qf6 {[%clk 0:22:32]} 38. Qxf6+ {[%clk 0:25:05]} Kxf6
{[%clk 0:22:57]} 39. e4 {[%clk 0:23:41]} Ke5 {[%clk 0:23:20]} 40. Kf2 {[%clk
0:23:52]} Kf4 {[%clk 0:23:40]} 41. h4 {[%clk 0:23:57]} Rh8 {[%clk 0:23:53]} 42.
h5 {[%clk 0:24:14]} Kg5 {[%clk 0:24:15]} 43. Rc1 {[%clk 0:24:37]} b5 {[%clk
0:24:34]} 44. Rc7 {[%clk 0:25:03]} Kf6 {[%clk 0:24:58]} 45. f4 {[%clk 0:25:13]}
Rg8 {[%clk 0:25:00]} 46. g5+ {[%clk 0:25:13]} Rxg5 {[%clk 0:25:27]} 47. fxg5+
{[%clk 0:25:58]} Kxg5 {[%clk 0:25:50]} 48. Rd7 {[%clk 0:26:24]} Kh6 {[%clk
0:26:11]} 49. Rxd6+ {[%clk 0:26:49]} Kxh5 {[%clk 0:26:33]} 50. Rf6 {[%clk
0:27:13]} Kh4 {[%clk 0:26:55]} 51. d6 {[%clk 0:27:39]} Kh3 {[%clk 0:27:17]} 52.
d7 {[%clk 0:28:05]} Kg4 {[%clk 0:27:40]} 53. d8Q {[%clk 0:28:29]} Kh4 {[%clk
0:28:03]} 54. Qh8+ {[%clk 0:28:54]} Kg5 {[%clk 0:28:21]} 55. Qg7+ {[%clk
0:29:19]} Kh4 {[%clk 0:28:43]} 56. Rh6# {[%clk 0:29:38]} 1-0

[Event "U14 Polish Youth Championship"]
[Site "chess24.com"]
[Date "2018.04.30"]
[Round "3"]
[White "Oglaza, Oskar"]
[Black "Czernek, Tymon"]
[Result "1-0"]
[Board "1"]
[WhiteElo "2237"]
[WhiteCountry "POL"]
[WhiteFideId "1194402"]
[WhiteEloChange "5"]
[BlackElo "2057"]
[BlackCountry "POL"]
[BlackFideId "1199510"]
[BlackEloChange "-5"]

1. c4 {[%clk 1:30:40]} e5 {[%clk 1:30:37]} 2. g3 {[%clk 1:30:45]} Nf6 {[%clk
1:30:14]} 3. Bg2 {[%clk 1:31:02]} c6 {[%clk 1:28:05]} 4. Nf3 {[%clk 1:30:45]} Qc7
{[%clk 1:28:12]} 5. O-O {[%clk 1:22:27]} Be7 {[%clk 1:25:37]} 6. Nc3 {[%clk
1:20:49]} O-O {[%clk 1:25:28]} 7. e4 {[%clk 1:19:56]} d6 {[%clk 1:24:39]} 8. d4
{[%clk 1:18:57]} Bg4 {[%clk 1:21:55]} 9. h3 {[%clk 1:15:14]} Bh5 {[%clk 1:19:15]}
10. Be3 {[%clk 1:14:39]} Nbd7 {[%clk 1:16:54]} 11. g4 {[%clk 1:12:13]} Bg6 {[%clk
1:17:13]} 12. Nh4 {[%clk 1:11:57]} Rfe8 {[%clk 1:05:13]} 13. Nxg6 {[%clk
1:10:18]} hxg6 {[%clk 1:05:04]} 14. f4 {[%clk 1:09:48]} Nb6 {[%clk 0:56:48]} 15.
Qb3 {[%clk 1:08:27]} Rad8 {[%clk 0:54:57]} 16. c5 {[%clk 0:59:12]} dxc5 {[%clk
0:51:01]} 17. dxe5 {[%clk 0:59:07]} Nfd7 {[%clk 0:50:19]} 18. e6 {[%clk 0:59:07]}
c4 {[%clk 0:50:19]} 19. exf7+ {[%clk 0:58:48]} Kxf7 {[%clk 0:50:35]} 20. Qc2
{[%clk 0:59:16]} Nc5 {[%clk 0:50:04]} 21. e5 {[%clk 0:59:06]} Nd5 {[%clk
0:46:43]} 22. Nxd5 {[%clk 0:55:35]} cxd5 {[%clk 0:46:59]} 23. Rad1 {[%clk
0:55:59]} Qc6 {[%clk 0:41:33]} 24. b3 {[%clk 0:54:50]} b5 {[%clk 0:41:49]} 25.
bxc4 {[%clk 0:55:05]} bxc4 {[%clk 0:41:49]} 26. Qxc4 {[%clk 0:55:05]} dxc4 {[%clk
0:41:46]} 27. Bxc6 {[%clk 0:55:32]} Rh8 {[%clk 0:42:06]} 28. Bd5+ {[%clk
0:54:54]} Ke8 {[%clk 0:41:59]} 29. Kg2 {[%clk 0:52:30]} c3 {[%clk 0:40:47]} 30.
Rf2 {[%clk 0:52:16]} Rb8 {[%clk 0:38:30]} 31. Bd4 {[%clk 0:51:44]} Bh4 {[%clk
0:34:53]} 32. Rc2 {[%clk 0:51:09]} Be7 {[%clk 0:32:47]} 33. Rxc3 {[%clk 0:50:44]}
Rb2+ {[%clk 0:32:56]} 34. Kg1 {[%clk 0:51:08]} 1-0

[Event "U14 Polish Youth Championship"]
[Site "chess24.com"]
[Date "2018.04.30"]
[Round "3"]
[White "Niedbala, Bartlomiej"]
[Black "Czopor, Maciej"]
[Result "0-1"]
[Board "2"]
[WhiteElo "1956"]
[WhiteCountry "POL"]
[WhiteFideId "21834008"]
[WhiteEloChange "-5"]
[BlackElo "2153"]
[BlackCountry "POL"]
[BlackFideId "21805431"]
[BlackEloChange "5"]

1. d4 {[%clk 1:30:56]} Nf6 {[%clk 1:30:54]} 2. Bf4 {[%clk 1:30:51]} e6 {[%clk
1:31:10]} 3. Nf3 {[%clk 1:30:30]} b6 {[%clk 1:30:55]} 4. e3 {[%clk 1:29:35]} Bb7
{[%clk 1:31:16]} 5. Nbd2 {[%clk 1:29:40]} c5 {[%clk 1:30:56]} 6. c3 {[%clk
1:29:33]} Be7 {[%clk 1:28:55]} 7. Bd3 {[%clk 1:29:35]} O-O {[%clk 1:21:54]} 8.
Qe2 {[%clk 1:28:26]} d5 {[%clk 1:21:06]} 9. Ne5 {[%clk 1:27:51]} Ne4 {[%clk
1:16:49]} 10. Nxe4 {[%clk 1:08:36]} dxe4 {[%clk 1:17:13]} 11. Bc4 {[%clk
1:08:47]} cxd4 {[%clk 1:02:43]} 12. exd4 {[%clk 1:08:12]} Nd7 {[%clk 0:56:19]}
13. O-O {[%clk 1:06:37]} Nf6 {[%clk 0:56:01]} 14. f3 {[%clk 1:05:29]} exf3 {[%clk
0:54:22]} 15. Nxf3 {[%clk 1:04:27]} Nd5 {[%clk 0:53:05]} 16. Bd2 {[%clk 1:03:04]}
Qd6 {[%clk 0:48:19]} 17. Rae1 {[%clk 0:59:18]} Bd8 {[%clk 0:37:27]} 18. Bd3
{[%clk 0:56:55]} Bc7 {[%clk 0:36:13]} 19. Qe4 {[%clk 0:50:36]} g6 {[%clk
0:35:27]} 20. Qh4 {[%clk 0:49:34]} f6 {[%clk 0:31:32]} 21. Qh6 {[%clk 0:42:36]}
Ne7 {[%clk 0:29:17]} 22. Be4 {[%clk 0:39:53]} Bxe4 {[%clk 0:26:36]} 23. Rxe4
{[%clk 0:40:05]} Nf5 {[%clk 0:27:04]} 24. Qh3 {[%clk 0:40:00]} Qd5 {[%clk
0:26:59]} 25. Rfe1 {[%clk 0:38:50]} Rae8 {[%clk 0:27:17]} 26. Nh4 {[%clk
0:37:00]} Nxh4 {[%clk 0:27:03]} 27. Rxh4 {[%clk 0:30:24]} Rf7 {[%clk 0:27:22]}
28. b3 {[%clk 0:26:27]} b5 {[%clk 0:27:15]} 29. Qd3 {[%clk 0:19:51]} Bb6 {[%clk
0:25:24]} 30. c4 {[%clk 0:18:12]} bxc4 {[%clk 0:25:29]} 31. bxc4 {[%clk 0:18:31]}
Qd6 {[%clk 0:22:39]} 32. Kh1 {[%clk 0:17:30]} Rd7 {[%clk 0:22:02]} 33. Bc3 {[%clk
0:16:20]} f5 {[%clk 0:20:32]} 34. Qf3 {[%clk 0:14:35]} Bd8 {[%clk 0:20:24]} 35.
Rh3 {[%clk 0:11:47]} Bf6 {[%clk 0:19:17]} 36. d5 {[%clk 0:11:09]} e5 {[%clk
0:19:25]} 37. Qf2 {[%clk 0:10:00]} Rc8 {[%clk 0:19:00]} 38. Rhe3 {[%clk 0:10:00]}
Re7 {[%clk 0:18:04]} 39. Qe2 {[%clk 0:09:53]} e4 {[%clk 0:17:43]} 40. Bxf6 {[%clk
0:10:16]} Qxf6 {[%clk 0:18:11]} 41. Rb3 {[%clk 0:07:46]} Qd4 {[%clk 0:17:26]} 42.
Rc1 {[%clk 0:07:39]} Qxd5 {[%clk 0:16:38]} 43. Rd1 {[%clk 0:05:49]} Qxc4 {[%clk
0:15:43]} 44. Rd8+ {[%clk 0:06:01]} Kf7 {[%clk 0:16:01]} 0-1

[Event "U14 Polish Youth Championship"]
[Site "chess24.com"]
[Date "2018.04.30"]
[Round "3"]
[White "Turski, Bartlomiej"]
[Black "Baum, Jonasz"]
[Result "0-1"]
[Board "3"]
[WhiteElo "1830"]
[WhiteCountry "POL"]
[WhiteFideId "21810567"]
[WhiteEloChange "-3"]
[BlackElo "2121"]
[BlackCountry "POL"]
[BlackFideId "1195360"]
[BlackEloChange "3"]

1. e4 {[%clk 1:30:58]} c5 {[%clk 1:30:57]} 2. Nf3 {[%clk 1:31:23]} Nc6 {[%clk
1:31:24]} 3. d4 {[%clk 1:31:48]} cxd4 {[%clk 1:31:49]} 4. Nxd4 {[%clk 1:32:13]}
g6 {[%clk 1:32:15]} 5. c4 {[%clk 1:32:27]} Bg7 {[%clk 1:32:39]} 6. Be3 {[%clk
1:32:52]} Nf6 {[%clk 1:33:06]} 7. Nc3 {[%clk 1:33:14]} O-O {[%clk 1:33:32]} 8.
Be2 {[%clk 1:33:19]} d6 {[%clk 1:33:52]} 9. O-O {[%clk 1:33:35]} Nxd4 {[%clk
1:34:19]} 10. Bxd4 {[%clk 1:33:57]} Bd7 {[%clk 1:34:45]} 11. Qd2 {[%clk 1:34:10]}
Bc6 {[%clk 1:35:11]} 12. f3 {[%clk 1:34:33]} a5 {[%clk 1:35:39]} 13. Rfd1 {[%clk
1:34:21]} Nd7 {[%clk 1:34:52]} 14. Be3 {[%clk 1:33:18]} Nc5 {[%clk 1:25:53]} 15.
b3 {[%clk 1:33:18]} Be5 {[%clk 1:25:53]} 16. Rac1 {[%clk 1:32:30]} e6 {[%clk
1:25:44]} 17. Bg5 {[%clk 1:31:02]} Qb6 {[%clk 1:24:46]} 18. Be3 {[%clk 1:26:58]}
a4 {[%clk 1:17:40]} 19. Nxa4 {[%clk 1:21:13]} Bxa4 {[%clk 1:17:20]} 20. bxa4
{[%clk 1:21:13]} Rfd8 {[%clk 1:13:16]} 21. f4 {[%clk 1:17:32]} Bg7 {[%clk
1:12:54]} 22. Bf3 {[%clk 1:15:55]} Qc7 {[%clk 1:01:09]} 23. Kh1 {[%clk 1:06:56]}
Nxa4 {[%clk 1:01:07]} 24. Qb4 {[%clk 1:05:31]} Bf8 {[%clk 0:43:22]} 25. e5 {[%clk
0:55:20]} dxe5 {[%clk 0:18:32]} 26. Rxd8 {[%clk 0:54:46]} Qxd8 {[%clk 0:18:57]}
27. Qxb7 {[%clk 0:54:52]} Rb8 {[%clk 0:19:05]} 28. Qa7 {[%clk 0:53:08]} Nb2
{[%clk 0:11:01]} 29. fxe5 {[%clk 0:52:02]} Bg7 {[%clk 0:08:53]} 30. Bd4 {[%clk
0:48:02]} Rb4 {[%clk 0:08:01]} 31. Qa3 {[%clk 0:46:56]} Qxd4 {[%clk 0:06:25]} 32.
Qxb4 {[%clk 0:46:08]} Nd3 {[%clk 0:06:49]} 33. Qb8+ {[%clk 0:38:59]} Bf8 {[%clk
0:07:14]} 34. Rf1 {[%clk 0:39:23]} Nf2+ {[%clk 0:07:38]} 35. Rxf2 {[%clk
0:39:50]} Qa1+ {[%clk 0:07:38]} 0-1

[Event "U14 Polish Youth Championship"]
[Site "chess24.com"]
[Date "2018.04.30"]
[Round "3"]
[White "Fiedorek, Michal"]
[Black "Koziorowicz, Michal"]
[Result "1-0"]
[Board "4"]
[WhiteElo "2081"]
[WhiteCountry "POL"]
[WhiteFideId "1199528"]
[WhiteEloChange "4"]
[BlackElo "1860"]
[BlackCountry "POL"]
[BlackFideId "21809194"]
[BlackEloChange "-4"]

1. e4 {[%clk 1:30:56]} c5 {[%clk 1:30:58]} 2. Nf3 {[%clk 1:31:21]} d6 {[%clk
1:31:24]} 3. Bb5+ {[%clk 1:31:45]} Bd7 {[%clk 1:31:44]} 4. Bxd7+ {[%clk 1:32:02]}
Qxd7 {[%clk 1:32:13]} 5. c4 {[%clk 1:32:00]} Nc6 {[%clk 1:31:58]} 6. O-O {[%clk
1:30:37]} g6 {[%clk 1:32:05]} 7. d4 {[%clk 1:29:32]} cxd4 {[%clk 1:32:26]} 8.
Nxd4 {[%clk 1:29:48]} Bg7 {[%clk 1:32:42]} 9. Be3 {[%clk 1:29:00]} Nf6 {[%clk
1:32:51]} 10. f3 {[%clk 1:28:39]} O-O {[%clk 1:30:03]} 11. Nc3 {[%clk 1:26:19]}
Rfc8 {[%clk 1:28:55]} 12. b3 {[%clk 1:25:04]} Ne8 {[%clk 1:23:20]} 13. Rc1 {[%clk
1:20:43]} Nc7 {[%clk 1:22:32]} 14. Nde2 {[%clk 1:17:37]} Rab8 {[%clk 1:15:08]}
15. Qd2 {[%clk 1:08:31]} b5 {[%clk 1:11:23]} 16. c5 {[%clk 1:05:04]} b4 {[%clk
1:01:58]} 17. Nd5 {[%clk 1:00:54]} Ne6 {[%clk 0:53:52]} 18. f4 {[%clk 0:54:16]}
Rd8 {[%clk 0:50:20]} 19. cxd6 {[%clk 0:52:43]} Qxd6 {[%clk 0:50:27]} 20. Rxc6
{[%clk 0:51:49]} Qxc6 {[%clk 0:50:41]} 21. Nxe7+ {[%clk 0:51:56]} Kf8 {[%clk
0:49:25]} 22. Nxc6 {[%clk 0:51:27]} Rxd2 {[%clk 0:49:53]} 23. Bxd2 {[%clk
0:51:45]} Rc8 {[%clk 0:48:55]} 24. Bxb4+ {[%clk 0:51:11]} Ke8 {[%clk 0:49:18]}
25. Rc1 {[%clk 0:45:25]} Kd7 {[%clk 0:47:52]} 26. Ne5+ {[%clk 0:45:18]} 1-0